000 00571nam a22001697a 4500
999 _c60788
_d60788
005 20231023104716.0
008 231023s1983 ru ||||| |||| 00| 0 rus d
041 _arus
080 _a72+7 B-75
100 _aВоронов А. А.
_920174
245 _aБоспор Киммерийский /
_cА. А. Воронов, М. Б. Михайлова.
264 _aМосква:
_bИскусство,
_c1983.
300 _a183 с.:
_bил.
653 _aკიმერიული ბოსფორი
710 _aМихайлова, М.Б.
_920175
942 _2udc
_cBK